| 000 | 01834nam a22002657a 4500 | ||
|---|---|---|---|
| 003 | Uzh_bibl | ||
| 008 | 260430b |||||||| |||| 00| 0 ukr d | ||
| 020 |
_a978-966-688-020-1 _c135.00 |
||
| 040 | _bукр. | ||
| 041 |
_2ukr _aukr |
||
| 080 | _a821(477) | ||
| 090 |
_a821(477) _bК 59 |
||
| 100 | _aКокотюха, Андрій | ||
| 245 |
_aТемна вода _hТекст |
||
| 260 |
_aКиїв _bНора-Друк _c2018 |
||
| 300 |
_a272 с. _fВ опр. |
||
| 490 |
_aСерія "Морок" _v2-ге вид. |
||
| 520 | _aВоно живе на дні Тихого затону в зачарованій Десні. Воно — породження деснянських легенд, міфів або — чиєїсь хворобливої фантазії. Підводне чудовисько ніхто не бачив, але його бояться жителі довколишніх сіл. Бо воно виходить з води і вбиває рибалок. Але чудовисько залишає сліди. Отже, воно не міфічне, має плоть і кров. Слід бере колишній опер Віталій Мельник, сищик із поганою репутацією, нестандартним мисленням та залізною хваткою. Куди ведуть ці сліди? Відповіді — в фіналі одного з найкращих українських готичних детективів: «Темна вода». | ||
| 521 | _aДля широкого кола читачів | ||
| 546 | _aукр. | ||
| 650 | _aЛітературно-художнє видання | ||
| 653 |
_aРозслідування _aВбивство _aЧудовисько |
||
| 655 |
_aДетектив _vРоман |
||
| 942 |
_2udc _cBK |
||
| 999 |
_c17571 _d17571 |
||